Observando observadores: una introducción a las técnicas cualitativas de investigación social
Պահպանված է:
| Հիմնական հեղինակ: | |
|---|---|
| Ձևաչափ: | Գիրք |
| Լեզու: | իսպաներեն |
| Հրապարակվել է: |
Santiago, Chile.
Ediciones Universidad Católica de Valparaíso,
2009
|
| Խորագրեր: | |
| Ցուցիչներ: |
Ավելացրեք ցուցիչ
Չկան պիտակներ, Եղեք առաջինը, ով նշում է այս գրառումը!
|
MARC
| LEADER | 00000cam a2200000 a 4500 | ||
|---|---|---|---|
| 001 | UCG0280 | ||
| 003 | CL-VaPUC | ||
| 005 | 20231006101129.0 | ||
| 008 | 100318e20090000CL |||||||||||||||||spa|d | ||
| 999 | |c 339967 |d 339965 | ||
| 040 | |c Pontificia Universidad Católica de Valparaíso | ||
| 082 | |a 300.72 FLO 2009 | ||
| 100 | 0 | |a Flores Guerrero, Rodrigo |e author |9 547652 | |
| 245 | 1 | 0 | |a Observando observadores: una introducción a las técnicas cualitativas de investigación social |
| 260 | |a Santiago, Chile. |b Ediciones Universidad Católica de Valparaíso, |c 2009 | ||
| 300 | |a 392 páginas | ||
| 583 | |c 20200310 | ||
| 650 | 0 | |a Investigación cualitativa |9 389535 | |
| 650 | 0 | |a Ciencias sociales |9 863060 |x Metodología | |
| 650 | 0 | |a Constructivismo epistemológico |9 884960 | |
| 942 | |c BK |2 ddc | ||
| 945 | |d 20100318 00:00:00 |a rbrito | ||
| 952 | |0 0 |1 0 |4 0 |6 300_072000000000000_FLO_2009 |7 0 |8 R |9 434241 |a BIBENE |b BIBENE |d 2019-11-22 |i 4651413 |l 1 |o 300.072 FLO 2009 |p 4651413 |r 2025-01-15 |s 2024-04-09 |w 2019-11-22 |y BK_R |k ICO | ||
| 952 | |0 0 |1 0 |4 0 |6 300_072000000000000_FLO_2009 |7 0 |8 R |9 434242 |a BIBGIM |b BIBGIM |d 2019-11-22 |i 4659163 |o 300.072 FLO 2009 |p 4659163 |r 2025-01-15 |w 2019-11-22 |y BK_R |k SSL | ||
| 952 | |0 0 |1 0 |4 0 |6 300_072000000000000_FLO_2009 |7 0 |8 R |9 434243 |a BIBGIM |b BIBGIM |d 2019-11-22 |i 4659155 |l 2 |o 300.072 FLO 2009 |p 4659155 |r 2025-01-15 |s 2023-08-25 |w 2019-11-22 |y BK_R |k SSL | ||
| 952 | |0 0 |1 0 |4 0 |6 300_072000000000000_FLO_2009 |7 0 |8 A |9 434244 |a BIBCUR |b BIBCUR |d 2019-11-22 |i 4668278 |o 300.072 FLO 2009 |p 4668278 |r 2025-04-22 |w 2019-11-22 |y BK |k PER | ||
| 952 | |0 0 |1 0 |4 0 |6 300_072000000000000_FLO_2009 |7 0 |8 R |9 434245 |a BIBEDU |b BIBEDU |c MCIRC |d 2019-11-22 |i 476501K |o 300.072 FLO 2009 |p 476501K |r 2023-01-13 |w 2019-11-22 |y BK_R |k FIL | ||
| 952 | |0 0 |1 0 |4 0 |6 300_072000000000000_FLO_2009 |7 0 |8 R |9 434246 |a BIBEDU |b BIBEDU |c MCIRC |d 2019-11-22 |i 4790200 |o 300.072 FLO 2009 |p 4790200 |r 2023-01-13 |w 2019-11-22 |y BK_R |k EPE | ||
| 952 | |0 0 |1 0 |4 0 |6 300_072000000000000_FLO_2009 |7 0 |8 R |9 434247 |a BIBGIM |b BIBGIM |d 2019-11-22 |i 4894677 |o 300.072 FLO 2009 |p 4894677 |r 2025-01-15 |w 2019-11-22 |y BK_R |k SSL | ||
| 952 | |0 0 |1 0 |4 0 |6 300_072000000000000_FLO_2009 |7 0 |8 R |9 434248 |a BIBGIM |b BIBGIM |d 2019-11-22 |i 4987640 |o 300.072 FLO 2009 |p 4987640 |r 2025-01-15 |w 2019-11-22 |y BK_R |k SSL | ||
| 952 | |0 0 |1 0 |4 0 |6 300_072000000000000_FLO_2009 |7 0 |8 R |9 434249 |a BIBGIM |b BIBGIM |d 2019-11-22 |i 4987659 |o 300.072 FLO 2009 |p 4987659 |r 2025-01-15 |w 2019-11-22 |y BK_R |k SSL | ||
| 952 | |0 0 |1 0 |3 erb |4 0 |6 300_072000000000000_FLO_2009 |7 0 |8 A |9 434250 |a BIBTEO |b BIBTEO |i 5355818 |l 17 |m 15 |o 300.072 FLO 2009 |p 5355818 |q 2024-09-12 |r 2024-08-13 |s 2024-08-13 |w 2019-11-22 |y BK |z Catalogado en:20161209 |k ICR | ||
| 952 | |0 0 |1 0 |2 ddc |4 0 |6 300_072000000000000_FLO_2009 |7 0 |8 A |9 494869 |a BIBHIS |b BIBHIS |d 2019-12-02 |e 80 |g 15000.00 |i 5566711 |o 300.072 FLO 2009 |p 5566711 |r 2025-01-20 |v 15000.00 |w 2019-12-02 |y BK |k HIS | ||